[Event "Montcalm VII 2013-14"]
[Site "Quebec CAN"]
[Date "2014.04.24"]
[Round "1"]
[White "Plante, Rejean"]
[Black "Bender, Karl"]
[Result "1-0"]
[WhiteElo "1977"]
[BlackElo "1647"]
[PlyCount "73"]
[EventDate "2014.04.24"]
[EventType "swiss"]
[EventRounds "5"]
[EventCountry "CAN"]

1. d4 d5 2. c4 c6 3. Nf3 g6 4. Nc3 Nf6 5. Bg5 Bg7 6. e3 Nbd7 7. Qc2 O-O 8. Rd1
dxc4 9. Bxc4 Nb6 10. Be2 Bg4 11. O-O Nbd5 12. e4 Nxc3 13. bxc3 h6 14. Bf4 Nh7
15. h3 Bxf3 16. Bxf3 g5 17. Be3 e6 18. e5 f5 19. exf6 Nxf6 20. Rfe1 Nd5 21. Bg4
Rf6 22. Bc1 Nc7 23. Re4 Qe8 24. Qe2 Qg6 25. Re1 Raf8 26. Bxe6+ Kh8 27. f3 Nb5
28. Bb2 Nd6 29. Re3 Re8 30. Bb3 Rxe3 31. Qxe3 Nf5 32. Qe4 Nh4 33. Qxg6 Nxg6 34.
Bc2 Nf4 35. Re8+ Bf8 36. d5 cxd5 37. c4 1-0

[Event "Montcalm VII 2013-14"]
[Site "Quebec CAN"]
[Date "2014.05.01"]
[Round "2"]
[White "Bluteau, Yvon"]
[Black "Plante, Rejean"]
[Result "0-1"]
[WhiteElo "1769"]
[BlackElo "1977"]
[PlyCount "64"]
[EventDate "2014.04.24"]
[EventType "swiss"]
[EventRounds "5"]
[EventCountry "CAN"]

1. e4 c5 2. Nf3 e6 3. d4 cxd4 4. Nxd4 Nf6 5. Bd3 d6 6. O-O Be7 7. Be3 Nbd7 8.
Nd2 O-O 9. f4 a6 10. Qf3 Nc5 11. g4 Nxd3 12. cxd3 Nd7 13. Qg3 Nc5 14. Bf2 e5
15. Ne2 exf4 16. Nxf4 Bg5 17. d4 Ne6 18. Nxe6 fxe6 19. Be3 Bxe3+ 20. Qxe3 Bd7
21. Rxf8+ Qxf8 22. Rf1 Qe7 23. e5 Bc6 24. Ne4 dxe5 25. dxe5 Qb4 26. Re1 Qxb2
27. g5 Qxe5 28. Qd3 Bxe4 29. Rxe4 Qxg5+ 30. Kh1 Rc8 31. Rc4 Rxc4 32. Qxc4 Qd5+
0-1

[Event "Montcalm VII 2013-14"]
[Site "Quebec CAN"]
[Date "2014.05.01"]
[Round "2"]
[White "Boulianne, Gabriel"]
[Black "Ripoll, Arthur"]
[Result "1/2-1/2"]
[WhiteElo "1806"]
[BlackElo "1670"]
[PlyCount "114"]
[EventDate "2014.04.24"]
[EventType "swiss"]
[EventRounds "5"]
[EventCountry "CAN"]

1. e4 e5 2. Nf3 Nc6 3. Bb5 Nd4 4. Nxd4 exd4 5. Bc4 Qh4 6. Qf3 Qf6 7. Qe2 Bc5 8.
d3 Ne7 9. a3 a6 10. Nd2 d6 11. h3 Be6 12. Bxe6 fxe6 13. e5 Qxe5 14. Qxe5 dxe5
15. Nf3 Bd6 16. O-O h6 17. Re1 Ng6 18. Bd2 c5 19. c3 Kd7 20. b4 b6 21. Rab1
Rab8 22. a4 cxb4 23. cxd4 exd4 24. Bxb4 e5 25. Bxd6 Kxd6 26. Rb4 Rb7 27. g3
Rhb8 28. Nd2 b5 29. Ne4+ Ke7 30. f4 bxa4 31. Rxa4 Rb1 32. Rxb1 Rxb1+ 33. Kf2
exf4 34. Rxa6 fxg3+ 35. Nxg3 Rb2+ 36. Kf3 Ne5+ 37. Ke4 Nd7 38. Kxd4 Rb4+ 39.
Ke3 Nf6 40. Nf5+ Kf7 41. Nd6+ Kg6 42. Ne4 Rb1 43. Nxf6 gxf6 44. Kf4 Rd1 45. Rd6
Rh1 46. Kg3 Kf5 47. Rd5+ Ke6 48. Rd4 Ke5 49. Re4+ Kd5 50. Rf4 Ke5 51. Re4+ Kf5
52. Re8 Rd1 53. Rd8 Re1 54. Rd5+ Ke6 55. Rd8 Re3+ 56. Kg2 Kf5 57. Rd5+ Kg6
1/2-1/2

[Event "Montcalm VII 2013-14"]
[Site "Quebec CAN"]
[Date "2014.05.01"]
[Round "2"]
[White "Perreault, Jacquelin"]
[Black "Dube, Daniel"]
[Result "0-1"]
[WhiteElo "1728"]
[BlackElo "1846"]
[PlyCount "40"]
[EventDate "2014.04.24"]
[EventType "swiss"]
[EventRounds "5"]
[EventCountry "CAN"]

1. e4 c5 2. Nf3 d6 3. d4 cxd4 4. Nxd4 Nf6 5. Nc3 g6 6. Be3 Bg7 7. Qd2 Nc6 8.
Bc4 O-O 9. f3 Bd7 10. O-O-O Rc8 11. Bb3 Ne5 12. h4 Nc4 13. Bxc4 Rxc4 14. Kb1 h5
15. Nde2 b5 16. Bg5 b4 17. Nd5 Nxd5 18. Qxd5 Be6 19. Qd2 Qa5 20. Nc1 Rfc8 0-1

[Event "Montcalm VII 2013-14"]
[Site "Quebec CAN"]
[Date "2014.05.08"]
[Round "3"]
[White "Cummins, Paul"]
[Black "Bourassa, Andre"]
[Result "1-0"]
[WhiteElo "1801"]
[BlackElo "1738"]
[PlyCount "37"]
[EventDate "2014.04.24"]
[EventType "swiss"]
[EventRounds "5"]
[EventCountry "CAN"]

1. e4 c5 2. d4 cxd4 3. c3 dxc3 4. Nxc3 d6 5. Bc4 e6 6. Nf3 Nc6 7. Qe2 a6 8. O-O
b5 9. Bb3 Be7 10. Rd1 Qc7 11. Bf4 Nf6 12. Rac1 Bb7 13. Nd5 exd5 14. exd5 Nxd5
15. Bxd5 O-O 16. Bxc6 Bxc6 17. Nd4 Rac8 18. Nxc6 Rfe8 19. Nxe7+ 1-0

[Event "Montcalm VII 2013-14"]
[Site "Quebec CAN"]
[Date "2014.05.08"]
[Round "3"]
[White "Dube, Daniel"]
[Black "Boulianne, Gabriel"]
[Result "1-0"]
[WhiteElo "1846"]
[BlackElo "1806"]
[Annotator "Boulianne,Gabriel"]
[PlyCount "71"]
[EventDate "2014.04.24"]
[EventType "swiss"]
[EventRounds "5"]
[EventCountry "CAN"]

1. e4 c5 2. Nf3 e6 3. d4 cxd4 4. Nxd4 Nf6 5. Nc3 Bb4 6. Bd3 Nc6 7. Nxc6 bxc6 8.
O-O Bxc3 9. bxc3 Qa5 10. Qe2 e5 11. Bd2 c5 12. Kh1 d6 13. Bb5+ Bd7 14. a4 a6
15. c4 Qc7 16. Bxd7+ Kxd7 17. Bc3 Ke7 18. f4 Nd7 19. Qf2 f6 20. fxe5 Nxe5 21.
Bxe5 dxe5 22. Rfd1 Rhd8 23. Qh4 Rxd1+ 24. Rxd1 Rd8 25. Rb1 h6 26. Qg4 Kf7 27.
h4 Rd4 28. a5 Rd6 29. h5 Kg8 30. Qg6 Kf8 31. Qh7 Qf7 32. g4 Ke7 33. Qf5 Qe6 34.
Qg6 Kd8 35. Qxg7 Rd7 36. Qf8+ 1-0

[Event "Montcalm VII 2013-14"]
[Site "Quebec CAN"]
[Date "2014.05.08"]
[Round "3"]
[White "Plante, Rejean"]
[Black "Lapierre, Gaetan"]
[Result "1-0"]
[WhiteElo "1977"]
[BlackElo "1929"]
[PlyCount "109"]
[EventDate "2014.04.24"]
[EventType "swiss"]
[EventRounds "5"]
[EventCountry "CAN"]

1. d4 Nf6 2. c4 e5 3. dxe5 Ng4 4. Nf3 Bb4+ 5. Nbd2 Nc6 6. a3 Be7 7. g3 Ngxe5 8.
Bg2 O-O 9. O-O a5 10. b3 d6 11. Bb2 Bf6 12. Qc2 Nxf3+ 13. Nxf3 Bg4 14. Rad1
Bxb2 15. Qxb2 Qe7 16. Rfe1 Rae8 17. h3 Bc8 18. Qd2 f5 19. h4 h6 20. e3 Kh8 21.
Nd4 Nxd4 22. exd4 Qf6 23. Rxe8 Rxe8 24. Qxa5 f4 25. Qh5 Rf8 26. Qf3 fxg3 27.
Qxf6 Rxf6 28. fxg3 Rg6 29. Rd3 c6 30. Re3 Bf5 31. d5 c5 32. Kh2 Bc2 33. b4 b6
34. Be4 Bxe4 35. Rxe4 Rf6 36. bxc5 dxc5 37. Re8+ Kh7 38. Kg2 Kg6 39. a4 h5 40.
Rc8 Kf5 41. Kf3 Ke5+ 42. Ke3 Rg6 43. Re8+ Kd6 44. Kf3 Rf6+ 45. Kg2 Kd7 46. Rh8
g6 47. Ra8 Kc7 48. Ra7+ Kd6 49. a5 Ke5 50. a6 Kd4 51. Rb7 b5 52. cxb5 Rf8 53.
a7 Ra8 54. b6 Kxd5 55. Rb8 1-0

[Event "Montcalm VII 2013-14"]
[Site "Quebec CAN"]
[Date "2014.05.08"]
[Round "3"]
[White "Ripoll, Arthur"]
[Black "Dumont, Eric"]
[Result "1-0"]
[WhiteElo "1670"]
[BlackElo "1691"]
[PlyCount "121"]
[EventDate "2014.04.24"]
[EventType "swiss"]
[EventRounds "5"]
[EventCountry "CAN"]

1. e4 c6 2. d4 d5 3. e5 Bf5 4. h4 h6 5. g4 Bh7 6. e6 fxe6 7. Bd3 Bxd3 8. Qxd3
Nf6 9. Ne2 Ne4 10. h5 Na6 11. f3 Nb4 12. Qd1 Nd6 13. c3 Na6 14. Qd3 Kd7 15. Nf4
Nc7 16. Ng6 Rg8 17. Ne5+ Kc8 18. Qh7 Nce8 19. Qxg8 Nf6 20. Qxe6+ Kc7 21. Bf4
Kb6 22. Nd2 Rc8 23. O-O-O a5 24. Nb3 Nde8 25. Nc5 Nc7 26. Ned7+ Ka7 27. Bxc7
Qxc7 28. Rhe1 Ne8 29. Nxf8 Qf4+ 30. Qe3 Qxf8 31. Qxe7 Qf4+ 32. Re3 Nd6 33. Qe5
Qf8 34. Nd7 Nc4 35. Nxf8 Nxe5 36. Rxe5 Rxf8 37. Rd3 Rf6 38. Kd2 g6 39. Rde3
gxh5 40. Rxh5 Kb6 41. Rf5 Rg6 42. Rfe5 Kb5 43. Re6 Rg7 44. Rxh6 c5 45. dxc5
Kxc5 46. Re5 a4 47. Rhh5 a3 48. Rxd5+ Kc6 49. Rc5+ Kb6 50. bxa3 Rg8 51. Rb5+
Ka7 52. Rh7 Rd8+ 53. Kc2 Ka8 54. Kb3 Rd3 55. f4 b6 56. Kc4 Rd6 57. Rd5 Rc6+ 58.
Kd4 Rc8 59. g5 b5 60. g6 b4 61. axb4 1-0

[Event "Montcalm VII 2013-14"]
[Site "Quebec CAN"]
[Date "2014.05.15"]
[Round "4"]
[White "Boulianne, Gabriel"]
[Black "Dumont, Eric"]
[Result "1/2-1/2"]
[WhiteElo "1806"]
[BlackElo "1691"]
[Annotator "Boulianne,Gabriel"]
[PlyCount "84"]
[EventDate "2014.04.24"]
[EventType "swiss"]
[EventRounds "5"]
[EventCountry "CAN"]

1. e4 c6 2. d4 d5 3. e5 Bf5 4. h4 h5 5. Be2 g6 6. Nd2 Qb6 7. c3 Bg7 8. b3 Nh6
9. Ba3 Ng4 10. Nf1 Nd7 11. f3 Nh6 12. Qd2 f6 13. f4 Ng4 14. Nh2 fxe5 15. Nxg4
hxg4 16. fxe5 Bh6 17. Qd1 g3 18. Bd3 Bxd3 19. Qxd3 Nxe5 20. Qe2 O-O-O 21. Qxe5
Rdf8 22. Bc1 Qa5 23. b4 Qa4 24. Bxh6 Rxh6 25. Nf3 g5 26. O-O gxh4 27. Ng5 Rf2
28. Rxf2 gxf2+ 29. Kh2 h3 30. Qf5+ Kc7 31. Qxf2 hxg2+ 32. Kxg2 Rf6 33. Nf3 c5
34. dxc5 Qe8 35. Qg3+ Kc8 36. Qh3+ e6 37. Re1 Qg8+ 38. Kf2 Kd8 39. Qh2 Kc8 40.
Re5 Qg6 41. Rg5 Rxf3+ 42. Kxf3 Qxg5 1/2-1/2

[Event "Montcalm VII 2013-14"]
[Site "Quebec CAN"]
[Date "2014.05.15"]
[Round "4"]
[White "Dube, Daniel"]
[Black "Plante, Rejean"]
[Result "0-1"]
[WhiteElo "1846"]
[BlackElo "1977"]
[PlyCount "96"]
[EventDate "2014.04.24"]
[EventType "swiss"]
[EventRounds "5"]
[EventCountry "CAN"]

1. b3 Nf6 2. Nf3 c5 3. Bb2 Nc6 4. e3 d5 5. Bb5 Bd7 6. O-O e6 7. Bxc6 Bxc6 8.
Ne5 Rc8 9. d3 Be7 10. Nd2 O-O 11. c4 b6 12. Nxc6 Rxc6 13. Qf3 Rd6 14. d4 cxd4
15. Bxd4 Nd7 16. cxd5 Rxd5 17. Rfd1 Qb8 18. Nb1 Rf5 19. Qc6 Nc5 20. Bxc5 Rxc5
21. Qe4 Bf6 22. b4 Rh5 23. Nd2 Qxh2+ 24. Kf1 Bxa1 25. Nf3 Qh1+ 26. Ke2 Qxg2 27.
Rg1 Qh3 28. Rxa1 Qf5 29. Qxf5 Rxf5 30. Nd4 Rd5 31. Rc1 Rd7 32. Nc6 f6 33. b5 g5
34. Nd4 Re8 35. Rc6 Kf7 36. a4 h5 37. a5 bxa5 38. Ra6 Rxd4 39. exd4 Re7 40.
Rxa5 Rd7 41. Ke3 f5 42. f4 gxf4+ 43. Kxf4 Rxd4+ 44. Kg5 Rd7 45. Kxh5 Kf6 46.
Kh6 Rd5 47. Rxa7 Rxb5 48. Kh5 Rb1 0-1

[Event "Montcalm VII 2013-14"]
[Site "Quebec CAN"]
[Date "2014.05.15"]
[Round "4"]
[White "Ripoll, Arthur"]
[Black "Cummins, Paul"]
[Result "1-0"]
[WhiteElo "1670"]
[BlackElo "1801"]
[PlyCount "111"]
[EventDate "2014.04.24"]
[EventType "swiss"]
[EventRounds "5"]
[EventCountry "CAN"]

1. e4 c5 2. Nf3 d6 3. d4 cxd4 4. Nxd4 Nf6 5. Nc3 a6 6. f3 e6 7. Be3 b5 8. Qd2
Bb7 9. Be2 Nc6 10. O-O Be7 11. Rad1 Qc7 12. Nxc6 Bxc6 13. Bf4 Qb6+ 14. Kh1 b4
15. Nb1 Rd8 16. Bd3 O-O 17. Be3 Qb7 18. Qe2 Ra8 19. c4 bxc3 20. Nxc3 d5 21. e5
Nd7 22. f4 g6 23. Bd4 Bc5 24. Bb1 Rfb8 25. b3 Bf8 26. f5 exf5 27. e6 Nb6 28.
Qe5 f6 29. Qg3 Bg7 30. h4 Qe7 31. Rde1 Nc8 32. h5 Rb4 33. Qe3 Nd6 34. hxg6 hxg6
35. Rf3 Nb5 36. Nxb5 axb5 37. Bc5 Rh4+ 38. Kg1 Qc7 39. Rh3 Rg4 40. Bd4 Re8 41.
Qc3 Qd6 42. e7 b4 43. Qe3 f4 44. Qf3 f5 45. Qf2 Rxe7 46. Rxe7 Qxe7 47. Bxg7
Qxg7 48. Qb6 Be8 49. Qe6+ Kf8 50. Qd6+ Kg8 51. Qxd5+ Qf7 52. Qe5 Rxg2+ 53. Kxg2
Bc6+ 54. Kh2 Qd5 55. Rh8+ Kf7 56. Rh7+ 1-0

[Event "Montcalm VII 2013-14"]
[Site "Quebec CAN"]
[Date "2014.05.22"]
[Round "5"]
[White "Cummins, Paul"]
[Black "Perreault, Jacquelin"]
[Result "1-0"]
[WhiteElo "1801"]
[BlackElo "1728"]
[PlyCount "47"]
[EventDate "2014.04.24"]
[EventType "swiss"]
[EventRounds "5"]
[EventCountry "CAN"]

1. e4 c5 2. d4 cxd4 3. c3 dxc3 4. Nxc3 d6 5. Bc4 Nf6 6. e5 Qc7 7. Bb5+ Nfd7 8.
Nd5 Qd8 9. Bf4 a6 10. exd6 exd6 11. Qe2+ Be7 12. Bxd6 O-O 13. Nxe7+ Kh8 14. Bd3
Re8 15. O-O-O Nc6 16. Nxc6 bxc6 17. Qd2 Nf6 18. Ba3 Qd5 19. Kb1 Be6 20. b3 Qxg2
21. Ne2 Qxf2 22. Rdf1 Qb6 23. Bb2 Rad8 24. Rxf6 1-0

[Event "Montcalm VII 2013-14"]
[Site "Quebec CAN"]
[Date "2014.05.22"]
[Round "5"]
[White "Plante, Rejean"]
[Black "Ripoll, Arthur"]
[Result "1-0"]
[WhiteElo "1977"]
[BlackElo "1670"]
[PlyCount "63"]
[EventDate "2014.04.24"]
[EventType "swiss"]
[EventRounds "5"]
[EventCountry "CAN"]

1. c4 Nf6 2. d4 c6 3. Nc3 d5 4. Nf3 dxc4 5. a4 Bf5 6. Ne5 e6 7. f3 Nfd7 8. Nxc4
Bb4 9. Bf4 Nb6 10. e4 Bg6 11. Ne5 a5 12. Be2 N8d7 13. Nd3 Be7 14. O-O O-O 15.
Be3 Bf6 16. f4 h6 17. Ne5 Bh7 18. Qb3 Qc7 19. Rac1 Qb8 20. d5 c5 21. dxe6 Bxe5
22. fxe5 fxe6 23. Qxe6+ Kh8 24. Bb5 Re8 25. Qd6 Qxd6 26. exd6 Bxe4 27. Nxe4
Rxe4 28. Bxc5 Rae8 29. Bxb6 Nf6 30. Bxe8 Rxe8 31. Rxf6 gxf6 32. d7 1-0

[Event "Montcalm op"]
[Site "Quebec CAN"]
[Date "2014.01.10"]
[Round "1"]
[White "Boulianne, Gabriel"]
[Black "Boutin, Jean-Roger"]
[Result "1-0"]
[WhiteElo "1752"]
[BlackElo "1574"]
[PlyCount "77"]
[EventDate "2014.01.10"]
[EventType "swiss"]
[EventRounds "5"]
[EventCountry "CAN"]

1. d4 d5 2. c4 e6 3. Nc3 h6 4. Nf3 Nf6 5. e3 Be7 6. Bd3 O-O 7. O-O b6 8. cxd5
exd5 9. Ne5 Bb7 10. Qc2 a6 11. Bd2 Nbd7 12. f4 Rc8 13. Rac1 c5 14. Qd1 c4 15.
Bf5 Rc7 16. Qf3 Nxe5 17. fxe5 Nh7 18. Qg4 Bg5 19. Ne2 g6 20. Bb1 Bc8 21. Qg3
Bh4 22. Qf4 Bg5 23. Qf3 h5 24. Nf4 Bb7 25. Bb4 Bxf4 26. Qxf4 Re8 27. Bd6 Rd7
28. Rf3 Re6 29. Rg3 Rdxd6 30. exd6 Rxd6 31. Rf1 Rf6 32. Qe5 Re6 33. Qxh5 Nf6
34. Qh4 Qd6 35. Bxg6 fxg6 36. Rxg6+ Kf7 37. Qh7+ Ke8 38. Qh8+ Qf8 39. Qxf8+ 1-0

[Event "Montcalm op"]
[Site "Quebec CAN"]
[Date "2014.01.10"]
[Round "1"]
[White "Dorion, Francois"]
[Black "Dube, Daniel"]
[Result "1-0"]
[WhiteElo "1653"]
[BlackElo "1767"]
[PlyCount "153"]
[EventDate "2014.01.10"]
[EventType "swiss"]
[EventRounds "5"]
[EventCountry "CAN"]

1. e4 c6 2. c4 d5 3. cxd5 cxd5 4. exd5 Nf6 5. Bb5+ Bd7 6. Bxd7+ Qxd7 7. Nc3
Nxd5 8. Nf3 Nc6 9. d4 e6 10. O-O Be7 11. Qb3 Na5 12. Qb5 Qxb5 13. Nxb5 a6 14.
Nc3 Nxc3 15. bxc3 Rc8 16. Bd2 Nc4 17. Rac1 O-O 18. Rfe1 Ba3 19. Rc2 Rfd8 20.
Re4 Rd5 21. Be1 Rb5 22. Kf1 Rb1 23. Ke2 Bf8 24. Nd2 Nxd2 25. Kxd2 b5 26. Kd3
Rc4 27. h4 a5 28. g3 a4 29. Ree2 a3 30. h5 g6 31. hxg6 hxg6 32. Bd2 Rb2 33. Bc1
Rb1 34. g4 Kg7 35. f4 Bd6 36. f5 exf5 37. gxf5 Rxc1 38. Rxc1 g5 39. Rb1 g4 40.
Rxb5 Rc8 41. c4 Rh8 42. Rb1 Kf6 43. c5 Bf4 44. d5 g3 45. d6 Rd8 46. Rf1 Be5 47.
Kc4 Rb8 48. Kd5 Rb2 49. Rxe5 Rd2+ 50. Kc6 Kxe5 51. Rf3 g2 52. Rg3 Rxa2 53. Kd7
Re2 54. c6 a2 55. c7 Rc2 56. Re3+ Kf4 57. Re1 Re2 58. Ra1 Rb2 59. c8=Q Rb1 60.
Qc1+ Rxc1 61. Rxc1 Kf3 62. Ke7 Kf2 63. d7 g1=Q 64. Rxg1 Kxg1 65. d8=Q a1=Q 66.
Kxf7 Qa2+ 67. Kg6 Qc2 68. Qg5+ Kf2 69. Kg7 Qc7+ 70. Kh6 Qh2+ 71. Kg6 Qd6+ 72.
f6 Qf8 73. f7 Kf3 74. Qf6+ Kg4 75. Kh7 Kh5 76. Qg6+ Kh4 77. Qh6+ 1-0

[Event "Montcalm op"]
[Site "Quebec CAN"]
[Date "2014.01.11"]
[Round "2"]
[White "Biakolo, Lima"]
[Black "Dorion, Francois"]
[Result "1-0"]
[WhiteElo "1934"]
[BlackElo "1653"]
[PlyCount "65"]
[EventDate "2014.01.10"]
[EventType "swiss"]
[EventRounds "5"]
[EventCountry "CAN"]

1. e4 e5 2. Nf3 Nc6 3. Bb5 Nd4 4. Nxd4 exd4 5. O-O c6 6. Bc4 b5 7. Bb3 d6 8. d3
Nf6 9. Qe1 a5 10. a4 b4 11. Bg5 Be7 12. Nd2 O-O 13. Nf3 h6 14. Bh4 c5 15. h3
Ra7 16. Nd2 Nh5 17. Bxe7 Rxe7 18. f4 Bb7 19. Qh4 Nf6 20. Rf3 Kh7 21. g4 Ng8 22.
g5 f5 23. gxf6 Rxf6 24. Kf2 Qf8 25. Rg1 Rd7 26. Qg4 Qe7 27. Nc4 d5 28. Ne5 dxe4
29. Qxd7 e3+ 30. Ke1 Qxd7 31. Nxd7 Rd6 32. Nf8+ Kh8 33. Rfg3 1-0

[Event "Montcalm op"]
[Site "Quebec CAN"]
[Date "2014.01.11"]
[Round "2"]
[White "Bolduc, Steve"]
[Black "Boulianne, Gabriel"]
[Result "1-0"]
[WhiteElo "2192"]
[BlackElo "1752"]
[PlyCount "95"]
[EventDate "2014.01.10"]
[EventType "swiss"]
[EventRounds "5"]
[EventCountry "CAN"]

1. d4 Nf6 2. c4 e6 3. Nc3 Bb4 4. e3 O-O 5. Bd3 c5 6. Nf3 Nc6 7. O-O d5 8. a3
Bxc3 9. bxc3 Qc7 10. Qc2 Rd8 11. a4 dxc4 12. Bxc4 cxd4 13. cxd4 Na5 14. Bd3
Qxc2 15. Bxc2 b6 16. Bd2 Nc6 17. Rfc1 Bb7 18. Be1 Rac8 19. Rab1 Rc7 20. a5 Nd5
21. axb6 Nxb6 22. Bd3 Rdc8 23. Ng5 h6 24. Ne4 Ne7 25. Rxc7 Rxc7 26. Nc5 Nec8
27. f3 Bd5 28. Bg3 Re7 29. Rc1 f6 30. e4 Ba8 31. Ba6 e5 32. dxe5 fxe5 33. Nd3
Bb7 34. Bxb7 Rxb7 35. Bxe5 Re7 36. Kf2 Kh7 37. Ke3 Kg6 38. Rc6+ Kh7 39. g4 Rf7
40. h4 Ne7 41. Rc2 g5 42. h5 Kg8 43. Nb4 Kh7 44. Nc6 Nec8 45. Nd4 Re7 46. Bg3
Nd5+ 47. Kf2 Nf6 48. Rxc8 1-0

[Event "Montcalm op"]
[Site "Quebec CAN"]
[Date "2014.01.11"]
[Round "3"]
[White "Chevalier, Francois"]
[Black "Bolduc, Steve"]
[Result "1/2-1/2"]
[WhiteElo "1723"]
[BlackElo "2192"]
[PlyCount "61"]
[EventDate "2014.01.10"]
[EventType "swiss"]
[EventRounds "5"]
[EventCountry "CAN"]

1. e4 c5 2. Nf3 d6 3. d4 Nf6 4. dxc5 Nxe4 5. Bb5+ Nc6 6. Bxc6+ bxc6 7. cxd6 Ba6
8. Nbd2 Qa5 9. d7+ Kxd7 10. Nd4 Nxd2 11. Qxd2 Qxd2+ 12. Bxd2 e5 13. Nb3 Bc4 14.
O-O-O Bxb3 15. axb3 Ke6 16. Be3 Bd6 17. g4 a5 18. f3 a4 19. bxa4 Rxa4 20. h3
Rb8 21. c3 Ra1+ 22. Kc2 Ra2 23. Bc1 Bc7 24. Rhe1 h5 25. Rd3 hxg4 26. hxg4 Rh8
27. Red1 Raa8 28. Rd7 Rac8 29. Bg5 f6 30. Be3 Rhd8 31. Rxd8 1/2-1/2

[Event "Montcalm op"]
[Site "Quebec CAN"]
[Date "2014.01.11"]
[Round "3"]
[White "Cournoyer, Dominic"]
[Black "Boulianne, Gabriel"]
[Result "1/2-1/2"]
[WhiteElo "2042"]
[BlackElo "1752"]
[PlyCount "157"]
[EventDate "2014.01.10"]
[EventType "swiss"]
[EventRounds "5"]
[EventCountry "CAN"]

1. c4 Nf6 2. Nc3 g6 3. Nf3 Bg7 4. g3 O-O 5. Bg2 c5 6. d4 cxd4 7. Nxd4 Nc6 8.
O-O a6 9. Rb1 Qc7 10. Bg5 h6 11. Bxf6 Bxf6 12. Nd5 Qd6 13. Nxf6+ Qxf6 14. e3 e5
15. Ne2 d6 16. Qd2 Rd8 17. Nc3 Be6 18. b3 Qe7 19. Rfd1 Rd7 20. Na4 Qd8 21. Nc3
Kg7 22. Rbc1 Bg4 23. Re1 Qa5 24. h3 Be6 25. Red1 Rad8 26. Nd5 Qxd2 27. Rxd2
Bxd5 28. Bxd5 Kf8 29. Rcd1 Ke7 30. a3 f5 31. b4 e4 32. Bxc6 bxc6 33. Kf1 Rb8
34. Rb2 a5 35. b5 cxb5 36. Rxb5 Rxb5 37. cxb5 a4 38. Rd4 Rb7 39. Rxa4 Rxb5 40.
Ra7+ Ke6 41. a4 Rb1+ 42. Kg2 h5 43. a5 Ra1 44. a6 Kf6 45. Ra8 Ke6 46. a7 Kd5
47. Rg8 Rxa7 48. Rxg6 Rh7 49. Rg5 Ke5 50. Rg8 d5 51. Rd8 Ke6 52. Kf1 Ke5 53.
Ra8 h4 54. gxh4 Rxh4 55. Kg2 Rh7 56. Rg8 Rh5 57. Kg3 Ke6 58. h4 Kf6 59. Ra8 Ke6
60. Ra6+ Kf7 61. Kh3 Ke7 62. Rg6 Rh7 63. Kg3 Kf7 64. Ra6 Rh5 65. Rb6 Ke7 66.
Rc6 Kf7 67. Kf4 Rxh4+ 68. Kxf5 Rh5+ 69. Kg4 Rh2 70. Kg3 Rh5 71. Ra6 Ke7 72. Rb6
Kd7 73. Kf4 Ke7 74. Rg6 Rh2 75. Ke5 Rh5+ 76. Kd4 Rf5 77. Ra6 Kd7 78. Rh6 Ke7
79. Ra6 1/2-1/2

[Event "Montcalm op"]
[Site "Quebec CAN"]
[Date "2014.01.11"]
[Round "3"]
[White "Dorion, Francois"]
[Black "Lessard, Claude"]
[Result "1-0"]
[WhiteElo "1653"]
[BlackElo "2001"]
[PlyCount "110"]
[EventDate "2014.01.10"]
[EventType "swiss"]
[EventRounds "5"]
[EventCountry "CAN"]

1. c4 e5 2. e4 Bc5 3. Nf3 d6 4. Nc3 Ne7 5. d4 exd4 6. Nxd4 O-O 7. Be2 Nbc6 8.
Nb3 Bb6 9. O-O a6 10. Bg5 f6 11. Bf4 Be6 12. Nd5 Bxd5 13. exd5 Ne5 14. Nd4 Bxd4
15. Qxd4 Re8 16. b4 Nf5 17. Qc3 Ng6 18. Be3 Qe7 19. Bg4 Nxe3 20. Be6+ Kh8 21.
Qxe3 c6 22. Rfe1 Qc7 23. Qd2 a5 24. a3 axb4 25. axb4 Qb6 26. Rxa8 Rxa8 27. dxc6
Qxc6 28. Bd5 Qd7 29. Qe3 h6 30. Qb6 Ne5 31. f4 Nd3 32. Rd1 Nxf4 33. Bf3 Qe7 34.
Qxd6 Qe3+ 35. Kh1 Nh3 36. gxh3 Qxf3+ 37. Kg1 Qxh3 38. Qd7 f5 39. Rf1 Qg4+ 40.
Kh1 Qxc4 41. Qxf5 Qxb4 42. Rb1 Qe7 43. Qf3 Rb8 44. Qf4 Rf8 45. Qb4 Qxb4 46.
Rxb4 Rf7 47. Kg2 Kg8 48. Kg3 Kf8 49. Kg4 Ke8 50. h4 Kd8 51. Kh5 Rd7 52. Kg6 Kc7
53. h5 b6 54. Kh7 Kc6 55. Rg4 Rd5 1-0

[Event "Montcalm op"]
[Site "Quebec CAN"]
[Date "2014.01.12"]
[Round "4"]
[White "Bolduc, Steve"]
[Black "Sarra-Bournet, Marc"]
[Result "1-0"]
[WhiteElo "2192"]
[BlackElo "1797"]
[PlyCount "59"]
[EventDate "2014.01.10"]
[EventType "swiss"]
[EventRounds "5"]
[EventCountry "CAN"]

1. d4 d5 2. c4 e6 3. Nc3 Nf6 4. Nf3 Be7 5. Bf4 O-O 6. e3 Nbd7 7. Qc2 c6 8.
O-O-O dxc4 9. Bxc4 Nb6 10. Be2 Nbd5 11. Be5 Ng4 12. Bg3 Ngxe3 13. fxe3 Nxe3 14.
Qd3 Nxd1 15. Bxd1 c5 16. Bc2 g6 17. h4 cxd4 18. Ne4 Bd7 19. h5 Be8 20. hxg6
fxg6 21. Qd2 Rf5 22. Qh6 Rf7 23. Be5 d3 24. Qxg6+ Kf8 25. Rxh7 Rxh7 26. Qxh7
Bb5 27. Qg6 d2+ 28. Kd1 Bh4 29. Nxh4 Qxh4 30. Bd6+ 1-0

[Event "Montcalm op"]
[Site "Quebec CAN"]
[Date "2014.01.12"]
[Round "4"]
[White "Boulianne, Gabriel"]
[Black "Auger, Bertrand"]
[Result "1-0"]
[WhiteElo "1752"]
[BlackElo "2027"]
[PlyCount "121"]
[EventDate "2014.01.10"]
[EventType "swiss"]
[EventRounds "5"]
[EventCountry "CAN"]

1. e4 e6 2. d4 d5 3. Nc3 Bb4 4. e5 c5 5. a3 Bxc3+ 6. bxc3 Ne7 7. Qg4 Qc7 8.
Bb5+ Bd7 9. Bxd7+ Nxd7 10. Bd2 h5 11. Qd1 O-O-O 12. Ne2 h4 13. Qb1 Qc6 14. a4
a6 15. a5 h3 16. g3 Nf5 17. Ra3 c4 18. Ra2 Nxe5 19. dxe5 d4 20. Rg1 d3 21. cxd3
cxd3 22. Qb4 dxe2 23. Rb2 Rd5 24. f4 Rb5 25. Qa3 Rxb2 26. Qxb2 Qc5 27. Qb6 Qxb6
28. axb6 Kd7 29. Kxe2 Kc6 30. Rb1 Rd8 31. Be3 g6 32. g4 Nh6 33. Rg1 Rd5 34. Rg3
a5 35. Bd4 a4 36. Kd2 a3 37. Kc2 Ra5 38. Kb1 a2+ 39. Ka1 Kd5 40. g5 Nf5 41.
Rxh3 Kc4 42. Rh7 Kb3 43. Rxf7 Nxd4 44. cxd4 Rd5 45. Rh7 Rxd4 46. Rh3+ Ka4 47.
Kxa2 Rd2+ 48. Kb1 Rf2 49. Rh7 Ka5 50. Rxb7 Rxf4 51. Rg7 Rf1+ 52. Kc2 Rf2+ 53.
Kc3 Kxb6 54. Rxg6 Kc5 55. h4 Rf3+ 56. Kd2 Kd5 57. h5 Rh3 58. h6 Kxe5 59. Rg7
Kf5 60. h7 e5 61. g6 1-0

[Event "Montcalm op"]
[Site "Quebec CAN"]
[Date "2014.01.12"]
[Round "4"]
[White "Servant, Michel"]
[Black "Dorion, Francois"]
[Result "0-1"]
[WhiteElo "1666"]
[BlackElo "1653"]
[PlyCount "100"]
[EventDate "2014.01.10"]
[EventType "swiss"]
[EventRounds "5"]
[EventCountry "CAN"]

1. c4 c5 2. Nc3 Nf6 3. g3 Nc6 4. Bg2 Rb8 5. Nf3 d6 6. O-O e5 7. d3 Be7 8. h3
O-O 9. e3 Be6 10. b3 d5 11. cxd5 Nxd5 12. Bb2 Ndb4 13. Ne1 Qd7 14. Kh2 Rfd8 15.
Qe2 Nxd3 16. Rd1 Ncb4 17. a3 Bxb3 18. Rd2 Bc4 19. axb4 Nxb2 20. Rxd7 Bxe2 21.
Rxd8+ Rxd8 22. Nxe2 Rd2 23. Nc1 c4 24. Nf3 Rd5 25. Nd4 Rd7 26. Nc2 b5 27. Bc6
Rd2 28. Na3 a6 29. Bxb5 axb5 30. Nxb5 Bxb4 31. Na2 Ba5 32. Nac3 Bxc3 33. Nxc3
f6 34. Ne4 Rd1 35. Kg2 Kf7 36. Nc3 Rd3 37. Rc1 Ke6 38. e4 Kd6 39. Rc2 Nd1 40.
Nxd1 Rxd1 41. Rxc4 Rd4 42. Rxd4+ exd4 43. Kf1 Ke5 44. f3 d3 45. Ke1 Kd4 46. Kd2
g5 47. Kd1 Ke3 48. f4 gxf4 49. gxf4 Kxf4 50. Kd2 Kxe4 0-1

[Event "Montcalm op"]
[Site "Quebec CAN"]
[Date "2014.01.12"]
[Round "5"]
[White "Bourassa, Andre"]
[Black "Cournoyer, Dominic"]
[Result "1/2-1/2"]
[WhiteElo "1748"]
[BlackElo "2042"]
[PlyCount "53"]
[EventDate "2014.01.10"]
[EventType "swiss"]
[EventRounds "5"]
[EventCountry "CAN"]

1. d4 d5 2. c4 c6 3. e3 Nf6 4. Nc3 e6 5. Bd3 Bd6 6. Nf3 O-O 7. O-O Nbd7 8. b3
dxc4 9. bxc4 e5 10. d5 cxd5 11. cxd5 Nc5 12. e4 h6 13. Bc2 Bd7 14. Re1 Rc8 15.
Bd2 Re8 16. Rc1 Rc7 17. Qe2 Na6 18. Ba4 Ba3 19. Bxd7 Nxd7 20. Rb1 Bc5 21. Nb5
Rc8 22. Rec1 Qe7 23. Bc3 Nc7 24. Nxc7 Rxc7 25. Bb2 Rec8 26. Kf1 Bd6 27. Rxc7
1/2-1/2